000
00308nam a22001337a 4500
008
181206b xxu||||| |||| 00| 0 eng d
020
_a
9780486685052
041
_a
eng
080
_a
541
100
_a
12
101
_a
KIM
245
_a
Vectors and Tensors in Crystallography
_c
Sands,D.E
942
_2
udc
_c
BK
999
_c
52948
_d
52948